000
00236nam a22001097a 4500
082
_a
823
_b
RAN/L
100
_a
RANDALL, P RONNE
245
_a
THE LITTLE RED HEN
260
_a
UK
_b
LADYBIRD
650
_a
ENGLISH SHORT STORY
_z
UK
942
_c
BK
999
_c
4016
_d
4016